[Event "Superettan(Majorna-Sollentuna)"]
[Site "?"]
[Date "2013.03.17"]
[Round "9"]
[White "Thornfalt, Thomas"]
[Black "Brorson, Lennart"]
[Result "1-0"]
[WhiteElo "1743"]
[BlackElo "1398"]
[PlyCount "61"]

1. c4 e5 2. g3 Nc6 3. Bg2 Bc5 4. e3 Nge7 5. Nc3 a6 6. Nge2 d6 7. O-O O-O 8. b3
f5 9. d4 exd4 10. exd4 Ba7 11. Be3 Bd7 12. Qd2 Kh8 13. Nf4 Rb8 14. Rfe1 b5 15.
Ncd5 bxc4 16. bxc4 Ng6 17. Nxg6+ hxg6 18. Nf4 Ne7 19. d5 Bb6 20. Bxb6 cxb6 21.
Rxe7 Rf6 22. Rae1 b5 23. cxb5 Bxb5 24. Ra7 Bd7 25. Qe2 Kg8 26. Ne6 Bxe6 27.
dxe6 Qb6 28. Rxa6 Qd4 29. e7 Rb2 30. e8=Q+ Kh7 31. Ra8 1-0

[Event "Superettan(Stockholms SS-Limhamn II)"]
[Site "?"]
[Date "2013.03.17"]
[Round "9"]
[White "Uddenfeldt, Dan"]
[Black "Mansson, Lars"]
[Result "0-1"]
[WhiteElo "2432"]
[BlackElo "2254"]
[PlyCount "54"]
[EventDate "2013.??.??"]

1. d4 d5 2. Nf3 Nf6 3. c4 c6 4. Nc3 dxc4 5. e3 b5 6. a4 b4 7. Na2 a5 8. Bxc4 e6
9. Qc2 Be7 10. e4 Nbd7 11. Be3 Bb7 12. Rd1 Qc7 13. e5 Ng4 14. Bf4 Nb6 15. Be2
Nd5 16. Bg5 Rc8 17. Qd2 f6 18. Bh4 O-O 19. O-O c5 20. Rc1 fxe5 21. Bxe7 Qxe7
22. Rxc5 Rxc5 23. dxc5 Qxc5 24. Nc1 e4 25. Qd4 Qc7 26. Qxe4 Nf4 27. Qd4 Bxf3
0-1

[Event "Superettan(Stockholms SS-Limhamn II)"]
[Site "?"]
[Date "2013.03.17"]
[Round "9"]
[White "Mansson, Peter"]
[Black "Bergstrom, Rolf"]
[Result "0-1"]
[WhiteElo "2179"]
[BlackElo "2319"]
[PlyCount "78"]

1. e4 d6 2. d4 Nf6 3. Nc3 e5 4. Nf3 Nbd7 5. g4 h6 6. g5 hxg5 7. Bxg5 c6 8. Qd2
b5 9. a3 Qc7 10. dxe5 dxe5 11. Rd1 Be7 12. h4 Nc5 13. Bxf6 gxf6 14. Bh3 Ne6 15.
Ne2 Bb7 16. c3 Rd8 17. Qc2 Rxd1+ 18. Kxd1 c5 19. Kc1 c4 20. Bxe6 fxe6 21. Ng3
Bf8 22. Qe2 Bh6+ 23. Kb1 Bf4 24. h5 Qc6 25. Rh4 Qd7 26. Nh2 Qd3+ 27. Qxd3 cxd3
28. Nhf1 Kf7 29. Ne3 Rg8 30. h6 Rh8 31. Kc1 Bxh6 32. Rg4 Bxe3+ 33. fxe3 Rh2 34.
b3 f5 35. Rg5 Kf6 36. Rg8 f4 37. exf4 exf4 38. Nf1 Rh1 39. Rf8+ Ke5 0-1

[Event "Superettan(Stockholms SS-Limhamn II)"]
[Site "?"]
[Date "2013.03.17"]
[Round "9"]
[White "Henriksson, Johan"]
[Black "Tadjerbashi, Amir"]
[Result "0-1"]
[WhiteElo "2277"]
[BlackElo "2216"]
[PlyCount "58"]

1. d4 d5 2. Nf3 Nf6 3. c4 c6 4. e3 e6 5. Nc3 Nbd7 6. Be2 Bd6 7. O-O O-O 8. b3
Re8 9. Bb2 Qe7 10. Qc2 b6 11. e4 dxe4 12. Nxe4 Nxe4 13. Qxe4 Bb7 14. Bd3 f5 15.
Qe2 c5 16. Rfe1 cxd4 17. Nxd4 Ne5 18. Bc2 Qh4 19. g3 Qh3 20. Qf1 Qh5 21. Bd1
Ng4 22. h3 Bc5 23. f3 Nf6 24. Kh2 e5 25. f4 Ng4+ 26. Bxg4 fxg4 27. Ne2 exf4 28.
Nxf4 Qf5 29. Nd5 Qxf1 0-1

[Event "Superettan(Stockholms SS-Limhamn II)"]
[Site "?"]
[Date "2013.03.17"]
[Round "9"]
[White "Nylen, Anders"]
[Black "Hammar, Bengt"]
[Result "0-1"]
[WhiteElo "2201"]
[BlackElo "2262"]
[PlyCount "118"]

1. d4 Nf6 2. c4 g6 3. Nc3 d5 4. cxd5 Nxd5 5. e4 Nxc3 6. bxc3 Bg7 7. Nf3 O-O 8.
Be2 c5 9. Rb1 cxd4 10. cxd4 Qa5+ 11. Bd2 Qxa2 12. O-O Qe6 13. Qc2 Qd7 14. d5 b6
15. Bb5 Qd8 16. Bf4 Ba6 17. Rfd1 Bxb5 18. Rxb5 Qc8 19. Rc1 Qxc2 20. Rxc2 Na6
21. Ne5 Bxe5 22. Bxe5 Rfc8 23. Rxc8+ Rxc8 24. f3 f6 25. Bf4 Rc2 26. Rb1 Nc5 27.
Bb8 Ra2 28. h3 Kf7 29. Rd1 Nd7 30. Bf4 Rc2 31. Ra1 a5 32. Be3 Rc8 33. Kf1 e6
34. dxe6+ Kxe6 35. Ke2 Rc2+ 36. Kf1 Kd6 37. Bf2 Kc6 38. Be3 Ne5 39. Bd4 Rc4 40.
Bb2 a4 41. Ba3 b5 42. Be7 f5 43. exf5 gxf5 44. Ke2 Rc2+ 45. Kf1 Nc4 46. Kg1 Ne3
47. g4 Rg2+ 48. Kh1 Rf2 49. Rc1+ Kd7 50. Bc5 Rxf3 51. gxf5 Rxh3+ 52. Kg1 Nxf5
53. Bf8 Rd3 54. Rc5 Nd4 55. Rh5 a3 56. Rxh7+ Ke8 57. Bxa3 Rxa3 58. Rb7 Rd3 59.
Kf2 Kd8 0-1

[Event "Superettan(Stockholms SS-Limhamn II)"]
[Site "?"]
[Date "2013.03.17"]
[Round "9"]
[White "Nilsson, Mats E"]
[Black "Nurmi, Tommy"]
[Result "1/2-1/2"]
[WhiteElo "2093"]
[BlackElo "2119"]
[PlyCount "56"]

1. d4 d5 2. Nf3 e6 3. c4 f5 4. g3 Nf6 5. Bg2 c6 6. O-O Bd6 7. b3 Qe7 8. Bb2 O-O
9. Nbd2 Bd7 10. Ne5 Be8 11. Ndf3 Bh5 12. Ne1 Nbd7 13. N1d3 Bf7 14. Bc1 Rad8 15.
Qc2 Rc8 16. Qb2 Bb8 17. Bf4 Rfd8 18. c5 Nxe5 19. Bxe5 Nd7 20. Bxb8 Rxb8 21. b4
Re8 22. f4 b6 23. Qc2 a5 24. a3 Rec8 25. Rfc1 Be8 26. e3 Qd8 27. Bf3 b5 28.
bxa5 Qxa5 1/2-1/2

[Event "Superettan(Stockholms SS-Limhamn II)"]
[Site "?"]
[Date "2013.03.17"]
[Round "9"]
[White "Astrom, Lars"]
[Black "Carlsten, Peter"]
[Result "1-0"]
[WhiteElo "2094"]
[BlackElo "2059"]
[PlyCount "81"]

1. e4 d6 2. d4 Nf6 3. Nd2 e5 4. c3 Nc6 5. Ngf3 g6 6. Bb5 exd4 7. cxd4 Bd7 8.
O-O Bg7 9. Re1 O-O 10. Nf1 Re8 11. Ng3 a6 12. Ba4 h6 13. Bd2 Re7 14. Bc3 Bg4
15. h3 Bxf3 16. Qxf3 Nd7 17. Rad1 b5 18. Bb3 Nb6 19. e5 d5 20. a3 a5 21. Ne2 a4
22. Bc2 Re8 23. Nf4 Ne7 24. e6 f5 25. Nxg6 Nxg6 26. Qxf5 Nh4 27. Qh7+ Kf8 28.
e7+ Rxe7 29. Bb4 Nc8 30. Rxe7 Nxe7 31. Re1 Bf6 32. Qxh6+ Kf7 33. Qh7+ Kf8 34.
Re6 Bg5 35. Bg6 Nhxg6 36. Rxg6 Ke8 37. Rxg5 Ra6 38. Re5 Rd6 39. Qh8+ Kd7 40.
Qxd8+ Kxd8 41. Bxd6 1-0

[Event "Superettan(Stockholms SS-Limhamn II)"]
[Site "?"]
[Date "2013.03.17"]
[Round "9"]
[White "Palmqvist, Fredrik"]
[Black "Surender, Anil"]
[Result "0-1"]
[WhiteElo "2057"]
[BlackElo "2038"]
[PlyCount "78"]

1. e4 g6 2. d4 Bg7 3. Nc3 d6 4. Nf3 a6 5. a4 b6 6. Be2 Bb7 7. O-O Nd7 8. Re1 e6
9. Be3 Ne7 10. Qd2 h6 11. d5 e5 12. Qd3 O-O 13. Nd2 f5 14. f3 Nf6 15. Rf1 f4
16. Bf2 g5 17. g3 h5 18. gxf4 exf4 19. Bd4 Ng6 20. Kh1 Nd7 21. Bxg7 Kxg7 22.
Rg1 Nde5 23. Qd4 Bc8 24. Nd1 Qf6 25. Qc3 Rf7 26. Nf2 Kh7 27. Nb3 Nh4 28. Nd4
Rg7 29. Raf1 g4 30. Nd3 g3 31. Ne1 Bh3 32. hxg3 fxg3 33. f4 g2+ 34. Nxg2 Bxg2+
35. Rxg2 Nxg2 36. Nf5 Nxf4 37. Rxf4 Qg5 38. Nxg7 Qxf4 39. Nf5 Qxe4+ 0-1